Postuma

Salvato in:
Dettagli Bibliografici
Autore principale: Stecchetti, Lorenzo
Natura: Libro
Lingua:Undetermined
Pubblicazione: Bologna, Italia Nicola Zanichelli Editore 1947
Edizione:40
Soggetti:
Tags: Aggiungi Tag
Nessun Tag, puoi essere il primo ad aggiungerne!!

MARC

LEADER 00000nam a2200000Ia 4500
008 170316s9999 xx 000 0 und d
999 |c 8220  |d 8220 
040 |a cru BVZT 
090 |a 850 S-6p 
100 |a Stecchetti, Lorenzo 
245 |a Postuma  |c / Lorenzo Stecchetti 
250 |a 40 
260 |a Bologna, Italia  |b Nicola Zanichelli Editore  |c 1947 
300 |a 154 páginas 
650 |a LITERATURA ITALIANA  |9 212 
942 |c 15 D  |h 850 S-6p  |2 z